000 00781nam a2200253Ia 4500
003 OSt
005 20221005092429.0
006 a|||||r|||| 00| 0
007 ta
008 221004b |||||||| |||| 00| 0 eng d
020 _a9780415051859 (pbk)
_c2106.16
024 _a113914
037 _bOD00515143347D, 23/12/2011, W S Retail Services Pvt. Ltd.
_cTextual
040 _aCRL
_cCRL
_beng
041 _2eng
_aeng
082 _aR3, P5
100 _aStrawson P F
245 0 _aIndividuals
_b Essay in descriptive metaphysics
260 _aNew York
_bRoutledge USA
_c2005
300 _a255p.
_ccm.
650 _aPHILOSOPHY
942 _hR3, P5
_cTEXL
_2cc
999 _c998849
_d998849